000 00932nam a22003017a 4500
001 BR7602550
003 BR-BrBNA
005 20230928084951.0
007 ta
008 230509b bl.||||| |||| 00| 0 por d
040 _aBR-BrBNA
_bpor
_cBiblioteca Nacional de Agricultura
041 _a(Por)
072 _aE70; F50
_b2390
_b/G514
090 _ 2390 BR7602550
100 1 _aCarauta, J.P.P.
110 1 _aUniversidade Federal Rural do Rio de Janeiro, Itaguai (Brasil)
_0Tese (Mestrado)
_911225
245 1 _aDorstenia L. (Moraceae)do Brasil e paises limitrofes
260 3 _aItaguai, RJ (Brasil):
_c1976.
300 _a177 p.
500 _a37 illus.; Summaries (Eng, Por); Bibliography p. 155-164 (150 ref.)
650 _aTaxonomia vegetal
650 _aEstrutura vegetal
650 _aDorstenia
650 _aMorfologia vegetal
650 _aAnatomia vegetal
909 _a202309
_bLucia
_c55
_dLucia Elande
942 _cBK
999 _c22164
_d22164